Plicht, (Record no. 5148)

MARC details
000 -LEADER
fixed length control field 00581cam a22002051 4500
001 - CONTROL NUMBER
control field af 48002672
003 - CONTROL NUMBER IDENTIFIER
control field DLC
005 - DATE AND TIME OF LATEST TRANSACTION
control field 20260227110856.0
008 - FIXED-LENGTH DATA ELEMENTS--GENERAL INFORMATION
fixed length control field 890405s1943 be 000 1 dut c
010 ## - LIBRARY OF CONGRESS CONTROL NUMBER
LC control number af 48002672
035 ## - SYSTEM CONTROL NUMBER
System control number (OCoLC)19500403
040 ## - CATALOGING SOURCE
Original cataloging agency California. Univ. Libr.
Transcribing agency CU
Modifying agency DLC
042 ## - AUTHENTICATION CODE
Authentication code premarc
050 00 - LIBRARY OF CONGRESS CALL NUMBER
Classification number PT2638.O73
Item number P54
100 1# - MAIN ENTRY--PERSONAL NAME
Personal name Scholz, Wilhelm von,
Dates associated with a name 1874-
245 10 - TITLE STATEMENT
Title Plicht,
Remainder of title novelle.
Statement of responsibility, etc. [Nederlandsche vertaling van Henri Bruning]
260 ## - PUBLICATION, DISTRIBUTION, ETC.
Place of publication, distribution, etc. Brussel,
Name of publisher, distributor, etc. Meddens
Date of publication, distribution, etc. [1943]
300 ## - PHYSICAL DESCRIPTION
Extent 48 p.
Dimensions 19 cm.
700 1# - ADDED ENTRY--PERSONAL NAME
Personal name Bruning, Henri,
Dates associated with a name 1900-
Relator term tr.

No items available.

Powered by Koha